Marosi újság

Elmentve itt :
Bibliográfiai részletek
Szerző: ÁGOSTON Hugó
Adatforrás:Meister
Forrásdokumentuma:A Hét. -
1 sz., 1992, 2 p.
Nyelv:magyar
Kulcsszavak:sajtótörténet
sajtó
Gazeta de Mures
LEADER 00357nab a2200145 i 4500
001 bibPRO00005156
008 060524s1992 xx hun
040 |a Sz1 
041 |a hun 
100 1 |a ÁGOSTON Hugó 
245 1 0 |a Marosi újság  |c ÁGOSTON Hugó 
695 |a sajtótörténet 
695 |a sajtó 
695 |a Gazeta de Mures 
773 0 |t A Hét. -  |g 1 sz., 1992, 2 p.